पिंगल कृत छन्दःसूत्रम्: (Record no. 18375)

MARC details
000 -LEADER
fixed length control field 02317nam a22003257a 4500
005 - DATE AND TIME OF LATEST TRANSACTION
control field 20081114100930.0
008 - FIXED-LENGTH DATA ELEMENTS--GENERAL INFORMATION
fixed length control field 081114t xxu||||| |||| 00| 0 hin d
010 ## - LCCN (DPL NO)
LC control number HIN-84864
020 ## - INTERNATIONAL STANDARD BOOK NUMBER
International Standard Book Number 9788171246342
Terms of availability 300.00
035 ## - SYSTEM CONTROL NUMBER
System control number HN-57210
037 ## - SOURCE OF ACQUISITION
Source of stock number/acquisition DBAD / PUB
040 ## - CATALOGING SOURCE
Original cataloging agency DPL
Language of cataloging HN
082 ## - DEWEY DECIMAL CLASSIFICATION NUMBER
Classification number 410
245 ## - TITLE STATEMENT
Title पिंगल कृत छन्दःसूत्रम्:
Statement of responsibility, etc कपिलदेव द्विवेदी एवं श्यामलाल सिंह द्वारा अनुदित
Remainder of title (वैदिक गणितीय अनुप्रयोगों सहित) /
246 ## - VARYING FORM OF TITLE
Title proper/short title Pingla krit chandah:sutram : ( Vedic ganitya anuprayogon sahit )
Remainder of title translated by Kapildev Diwedi and Shyamlal Singh
260 ## - PUBLICATION, DISTRIBUTION, ETC. (IMPRINT)
Place of publication, distribution, etc वाराणसी
Name of publisher, distributor, etc विश्वविद्यालय प्रकाशन
Date of publication, distribution, etc 2008
270 ## - ADDRESS
Address पो.बा. 1149, विशालाक्षी भवन, चौक
City वाराणसी
Postal code 221001
Telephone number 0542 2413741, 2413082
Electronic mail address sales@vvpbooks.com
300 ## - PHYSICAL DESCRIPTION
Extent xxiii,315पृ
Dimensions 22सेमी (सजिल्द)
500 ## - GENERAL NOTE
General note (हिन्दी व अंग्रेजी अनुवाद सहित)
500 ## - GENERAL NOTE
General note वैदिक और लौकिक छन्दों पर लिखित गणितीय अनुप्रयोगों के साथ छन्दःशास्त्र
500 ## - GENERAL NOTE
General note मुख्य रूप से हलायुध भट्ट की टीका पर आश्रित और आधिनिक गणितशास्त्र के प्रत्यय विचार के सहित
650 ## - SUBJECT ADDED ENTRY--TOPICAL TERM
Topical term or geographic name as entry element संस्कृत भाषा
Location of event दशमलव प्रणाली और छंदबद्धता
650 ## - SUBJECT ADDED ENTRY--TOPICAL TERM
Topical term or geographic name as entry element Sanskrit language
Location of event Metrics and rhythmics
650 ## - SUBJECT ADDED ENTRY--TOPICAL TERM
Topical term or geographic name as entry element संस्कृत कविता
General subdivision इतिहास एवं समालोचना
650 ## - SUBJECT ADDED ENTRY--TOPICAL TERM
Topical term or geographic name as entry element Sanskrit poetry
General subdivision History and criticism
700 ## - ADDED ENTRY--PERSONAL NAME
Personal name द्विवेदी, कपिलदेव
700 ## - ADDED ENTRY--PERSONAL NAME
Personal name श्यामलाल सिंह
942 ## - ADDED ENTRY ELEMENTS (KOHA)
Source of classification or shelving scheme Dewey Decimal Classification
Item type Hindi Books
Call number suffix पिंगल
Classification part 410
Holdings
Withdrawn status Lost status Source of classification or shelving scheme Damaged status Not for loan Collection code Home library Current library Date acquired Source of acquisition Cost, normal purchase price Total Checkouts Full call number Barcode Date last seen Copy number Cost, replacement price Koha item type
    Dewey Decimal Classification   Not For Loan Non-fiction D.B.Act.Division D.B.Act.Division 14/11/2008 DBAD / PUB 300.00   410 पिंगल HN-57210 14/11/2008 1 300.00 Hindi Books

© Delhi Public Library
Hit Counter
free hit counter